Spoločenstvo vo viere poznámky ku Kantovmu pojmu cirkvi

Kantova metafyzika mravov. Morálne chápanie náboženstva. Kantov pojem cirkvi.

Salvato in:
Dettagli Bibliografici
Autore principale: Forschner, Maximilian
Natura: Capitolo di libro
Lingua:slovacco
Soggetti:
Tags: Aggiungi Tag
Nessun Tag, puoi essere il primo ad aggiungerne!!

MARC

LEADER 00000naa a2200000 4500
001 0151535
005 20231211124607.2
041 0 |a slo 
044 |a SK 
245 1 0 |a Spoločenstvo vo viere  |b poznámky ku Kantovmu pojmu cirkvi  |c Maximilian Forschner 
520 |a Kantova metafyzika mravov. Morálne chápanie náboženstva. Kantov pojem cirkvi. 
610 2 0 |a filozofia 
610 2 0 |a spoločnosť 
610 2 0 |a náboženstvo 
610 2 0 |a cirkev 
100 1 |a Forschner, Maximilian